LEADER 01483nam a2200205 i 4500 001 000000224775 003 CaOOAMICUS 005 20131111000000.0 008 131111s1835 xx u000 u lat u 013 $a203673 040 $aSeMil$bita 245 10$aVol. 6. 300 $a1029 p. 490 0 $aCollectio selecta Ss. Ecclesiae Patrum : complectens exquisitissima opera tum dogmatica et moralia, tum apologetica et oratoria quae Parisiis incoepta et postmodum interrupta nunc accurantibus nonnullis sacrae eruditionis cultoribus continuatur 773 0 $aIoannes : Chrysostomus $tSancti patris Joannis Chrysostomi archiepiscopi constantinopolitani Opera.$dMediolani : Typis Antonii Fontana, 1831-1838.$kCollectio selecta Ss. Ecclesiae Patrum : complectens exquisitissima opera tum dogmatica et moralia, tum apologetica et oratoria quae Parisiis incoepta et postmodum interrupta nunc accurantibus nonnullis sacrae eruditionis cultoribus continuatur$g6$w()5516 830 0$aCollectio selecta Ss. Ecclesiae Patrum : complectens exquisitissima opera tum dogmatica et moralia, tum apologetica et oratoria quae Parisiis incoepta et postmodum interrupta nunc accurantibus nonnullis sacrae eruditionis cultoribus continuatur.$0(OLS)http://semarc/title/12635 850 $aSeMil 852 $aSeMil$W1$xVenegono$y1$m2S II 156 FA$j175121$B175121$CSeMilBibl$Z2$F185087 $8I 961 $aOmaggio: Martini Card. Carlo Maria 996 $6245$aVol. 6$9(OLS)http://semarc/title/108698 LEADER 00609nam a2200181 i 4500 001 000000236718 003 CaOOAMICUS 005 20141209000000.0 008 141209s1967 it u000 u ita u 013 $a215623 040 $aSeMil$bita 245 10$aFebbraio - Luglio 1918. 300 $a575 p. 773 0 $aLenin, Vladimir Il?i? <1870-1924>$tOpere complete.$dRoma : Editori Riuniti, 1955.$g27$w()30928 850 $aSeMil 852 $aSeMil$W1$xVenegono$y1$m3N I 177$j187064$B187064$CSeMilBibl$Z2$F197852 $81 961 $aOmaggio: Altro 996 $6245$aFebbraio - Luglio 1918$9(OLS)http://semarc/title/337320 LEADER 01211nam a2200241 i 4500 001 000000068455 003 CaOOAMICUS 005 20100726000000.0 008 100726s1930 fr u000 u fre u 013 $a39627 040 $aSeMil$bita 100 1 $aBlondel, Maurice <1861-1949>.$0(OLS)http://semarc/name/3444 245 14$aUne énigme historique :$ble "vinculum substantiale" d'après Leibniz et l'ébauche d'un réalisme supérieur /$cpar Maurice Blondel. 260 $aParis :$bBeauchesne,$c1930. 300 $aXXIV, 145 p. ;$c22 cm. 490 0 $aBibliothèque des Archives de philosophie 650 4$aLeibniz, Gottfried Wilhelm : von <1646-1716> - Sostanza .$0(OLS)http://semarc/subject/13460 650 4$aSostanza .$0(OLS)http://semarc/subject/3266 830 0$aBibliothèque des Archives de philosophie.$0(OLS)http://semarc/title/26800 850 $aSeMil 852 $aSeMil$W1$xVenegono$y1$m2O III 73$j34608$B34608$CSeMilBibl$Z2$F34611 $81 996 $6245$aUne énigme historique :$ble "vinculum substantiale" d'après Leibniz et l'ébauche d'un réalisme supérieur$9(OLS)http://semarc/title/109274 996 $6260$aParis :$bBeauchesne$9(OLS)http://semarc/publisher/29638